[Event "BL2-Sued 2324"]
[Site "Germany"]
[Date "2023.12.03"]
[Round "4.1"]
[White "Baenziger, Fabian"]
[Black "Wagner, Dinara"]
[Result "1/2-1/2"]
[WhiteElo "2417"]
[BlackElo "2461"]
[PlyCount "100"]
[EventDate "2023.10.21"]
[EventType "team-tourn"]
[EventRounds "10"]
[EventCountry "GER"]
[SourceTitle "EXT 2025"]
[Source "ChessBase"]
[SourceDate "2024.10.14"]
[SourceVersion "1"]
[SourceVersionDate "2024.10.14"]
[SourceQuality "1"]
[WhiteTeam "Heilbronn"]
[BlackTeam "Viernheim II"]
[WhiteTeamCountry "GER"]
[BlackTeamCountry "GER"]

1. d4 Nf6 2. c4 e6 3. Nf3 d5 4. Nc3 Bb4 5. cxd5 exd5 6. Bg5 h6 7. Bh4 0-0 8. e3 Bf5 9. Qb3 c5 10. dxc5 Bxc3+ 11. Qxc3 g5 12. Bg3 Ne4 13. Qa3 Nd7 14. Nd4 Qf6 15. Nxf5 Qxf5 16. Bd3 Ne5 17. Bxe4 dxe4 18. Bxe5 Qxe5 19. 0-0 Rfd8 20. Rad1 Rd3 21. Rxd3 exd3 22. Qxd3 Qxb2 23. Qd7 Rf8 24. h3 Qc2 25. Qc7 Kg7 26. Qxb7 Qxc5 27. Qb2+ Kg8 28. Rc1 Qd6 29. Qc3 Rd8 30. Qa5 a6 31. Qc3 Qe6 32. Qa5 Qf6 33. Qb4 Kg7 34. a3 Rd6 35. Qa5 Qb2 36. Qc3+ Qxc3 37. Rxc3 Rd1+ 38. Kh2 Rd2 39. Kg3 Ra2 40. Kf3 a5 41. g4 Kg6 42. Kg3 a4 43. f3 Rb2 44. Rc4 Re2 45. Rxa4 Rxe3 46. Ra6+ f6 47. a4 Ra3 48. a5 h5 49. gxh5+ Kxh5 50. Rxf6 Rxa5 1/2-1/2

[Event "BL2-Sued 2324"]
[Site "Germany"]
[Date "2023.12.02"]
[Round "3.1"]
[White "Aczel, Gergely"]
[Black "Baenziger, Fabian"]
[Result "1/2-1/2"]
[WhiteElo "2477"]
[BlackElo "2417"]
[PlyCount "110"]
[EventDate "2023.10.21"]
[EventType "team-tourn"]
[EventRounds "10"]
[EventCountry "GER"]
[SourceTitle "EXT 2025"]
[Source "ChessBase"]
[SourceDate "2024.10.14"]
[SourceVersion "1"]
[SourceVersionDate "2024.10.14"]
[SourceQuality "1"]
[WhiteTeam "Walldorf"]
[BlackTeam "Heilbronn"]
[WhiteTeamCountry "GER"]
[BlackTeamCountry "GER"]

1. d4 Nf6 2. c4 e6 3. Nc3 Bb4 4. e3 0-0 5. Bd2 c5 6. a3 Bxc3 7. Bxc3 Ne4 8. Ne2 b6 9. Qc2 Bb7 10. Rd1 Qe7 11. dxc5 bxc5 12. Be5 d5 13. b3 Nc6 14. Bb2 Rad8 15. Nf4 Nf6 16. cxd5 exd5 17. Bxf6 Qxf6 18. Bd3 g5 19. Bxh7+ Kh8 20. Ne2 d4 21. 0-0 dxe3 22. Rxd8 exf2+ 23. Rxf2 Qxd8 24. Be4 Qe7 25. Bxc6 Bxc6 26. b4 Rd8 27. Ng3 Kg8 28. h3 Qe1+ 29. Nf1 Rd5 30. bxc5 Qe5 31. Qc4 Qe7 32. Rc2 Rd1 33. Rf2 Rd5 34. Kh2 Qxc5 35. Qe2 Re5 36. Qd2 Rd5 37. Qb2 Qd6+ 38. Kg1 Rd1 39. a4 Rd4 40. Ne3 Qe5 41. Qc3 Be8 42. Rf5 Rd1+ 43. Nxd1 Qxf5 44. a5 Qb1 45. Qd2 Kh7 46. Kh2 Qb8+ 47. g3 Qe5 48. Nf2 Bb5 49. Qc2+ Kg7 50. Qc1 Bd7 51. Qd2 Bb5 52. Qb4 Bc6 53. Qd2 Bb5 54. Qc1 Bd7 55. Qd2 Bb5 1/2-1/2